Historia de la humanidad : (Registro nro. 25288)
[ vista simple ]
| 000 -CABECERA | |
|---|---|
| campo de control de longitud fija | 00590nam a2200157 a 4500 |
| 001 - NÚMERO DE CONTROL | |
| campo de control | 000025796 |
| 005 - FECHA Y HORA DE LA ÚLTIMA TRANSACCIÓN | |
| campo de control | 20200930024045.0 |
| 008 - DATOS DE LONGITUD FIJA--INFORMACIÓN GENERAL | |
| campo de control de longitud fija | 110217s1967 xxuab r 000 | spa d |
| 040 ## - FUENTE DE LA CATALOGACIÓN | |
| Centro catalogador/agencia de origen | DO-SdBNP |
| Lengua de catalogación | spa |
| Centro/agencia transcriptor | BNPHU |
| 082 ## - NÚMERO DE LA CLASIFICACIÓN DECIMAL DEWEY | |
| Número de clasificación | xxxxx |
| Número de documento/Ítem | R811 |
| 049 ## - FONDOS LOCALES (OCLC) | |
| Fondos de biblioteca | BNGR |
| 100 1# - ENTRADA PRINCIPAL--NOMBRE DE PERSONA | |
| Nombre de persona | Roselle, Daniel, |
| 9 (RLIN) | 52604 |
| 245 10 - MENCIÓN DE TÍTULO | |
| Título | Historia de la humanidad : |
| Resto del título | evolucion de su cultura / |
| Mención de responsabilidad, etc. | Daniel Roselle ; revisor y adaptador Augusto Montenegro ; la traducción al español fue realizada en la Universidad del Valle. |
| 260 ## - PUBLICACIÓN, DISTRIBUCIÓN, ETC. | |
| Lugar de publicación, distribución, etc. | Boston : |
| Nombre del editor, distribuidor, etc. | Ginn and Company ; |
| Lugar de publicación, distribución, etc. | Cali : |
| Nombre del editor, distribuidor, etc. | Norma, |
| Fecha de publicación, distribución, etc. | 1967. |
| 300 ## - DESCRIPCIÓN FÍSICA | |
| Extensión | 3 v. : |
| Otras características físicas | il. ; |
| Dimensiones | 28 cm. |
| Estado de retiro | Estado de pérdida | Restricciones de uso | No para préstamo | Código de colección | Localización permanente | Ubicación/localización actual | Ubicación en estantería | Fecha de adquisición | Número de inventario | Total de préstamos | Signatura topográfica completa | Código de barras | Fecha visto por última vez | Precio válido a partir de | Tipo de ítem Koha |
|---|---|---|---|---|---|---|---|---|---|---|---|---|---|---|---|
| Excluido de préstamo | Monografías: Libros y Folletos | General | General | En catalogación | 22.02.2011 | LF1 | xxxxx R811 | 25796-10 | 25.06.2020 | 25.06.2020 | No se presta |
